000 00478nam a2200169Ia 4500
008 230917s9999||||xx |||||||||||||| ||und||
020 _cRS4875
040 _e252282
_aMAIN
041 _aEnglish
082 _a616.0756 R448T
100 _aRifai, Nader
245 0 _aTietz textbook of clinical chemistry and molecular diagnostics
260 _aNew Delhi
_bElsevier
_c2018
300 _axx, 1852 p.
500 _a3368 14/12/2018 HBD19/7611 01/01/2019 Main Budget
942 _cBK
999 _c29457
_d29457